000 00796nam a2200253Ia 4500
003 OSt
005 20220928123952.0
006 a|||||r|||| 00| 0
007 ta
008 220927b |||||||| |||| 00| 0 eng d
020 _cUKP 79.99
024 _a135719
037 _b4378, 29/08/2017, Ashutosh Technical Books
_cTextual
040 _aSDCL
_cSDCL
_beng
041 _2eng
_aeng
082 _aB28931, Q7
100 _aOliveira Mauricio C. De
_9462789
245 0 _aFundamentals of linear control
_b A concise approach
260 _aCambridge
_bCambridge University Press
_c2017
300 _axv,300p.
_ccm.
650 _aMathematics
942 _hB28931, Q7
_cTEXL
_2CC
999 _c775753
_d775753